Kitāb Maʻrifat ʻulūm al-Ḥadīth, (Record no. 50632)
[ view plain ]
| 000 -LEADER | |
|---|---|
| fixed length control field | 01057cam a22002411 4500 |
| 001 - CONTROL NUMBER | |
| control field | ne 68002950 |
| 003 - CONTROL NUMBER IDENTIFIER | |
| control field | DLC |
| 005 - DATE AND TIME OF LATEST TRANSACTION | |
| control field | 20260227111845.0 |
| 008 - FIXED-LENGTH DATA ELEMENTS--GENERAL INFORMATION | |
| fixed length control field | 820120s1966 le 000 0 ara |
| 010 ## - LIBRARY OF CONGRESS CONTROL NUMBER | |
| LC control number | ne 68002950 |
| 025 ## - OVERSEAS ACQUISITION NUMBER | |
| Overseas acquisition number | PL480:UAR-8333 |
| 035 ## - SYSTEM CONTROL NUMBER | |
| System control number | (OCoLC)8078066 |
| 040 ## - CATALOGING SOURCE | |
| Original cataloging agency | DLC |
| Transcribing agency | TU |
| Modifying agency | TU |
| -- | DLC |
| 050 00 - LIBRARY OF CONGRESS CALL NUMBER | |
| Classification number | BP135 |
| Item number | .H33 1966 |
| 100 1# - MAIN ENTRY--PERSONAL NAME | |
| Personal name | Ḥākim al-Nīsābūrī, Muḥammad ibn ʻAbd Allāh, |
| Dates associated with a name | 933-1014. |
| 245 10 - TITLE STATEMENT | |
| Title | Kitāb Maʻrifat ʻulūm al-Ḥadīth, |
| Statement of responsibility, etc. | taṣnīf al-Ḥākim Abī ʻAbd Allāh Muḥammad ibn ʻAbd Allāh al-Ḥafẓ al-Nīsābūrī. Iʻtanā bi-nashrih wa-taṣḥīḥih wa-al-taʻlīq ʻalayh maʻ tarjamat al-muṣannif al-Sayyid Muʻaẓẓam Ḥusayn. |
| 260 ## - PUBLICATION, DISTRIBUTION, ETC. | |
| Place of publication, distribution, etc. | Bayrūt, |
| Name of publisher, distributor, etc. | al-Maktabah al-Tijārīyah lil-Ṭibāʻah wa al-Nashr |
| Date of publication, distribution, etc. | [1966] |
| 300 ## - PHYSICAL DESCRIPTION | |
| Extent | 29, 266 p. |
| Dimensions | 24 cm. |
| 500 ## - GENERAL NOTE | |
| General note | Cover title: Kitāb maʻrifatt ʻulūm al-hādith, composed by Abi Abdilʼlāh al-Nisābūri. |
| 650 #0 - SUBJECT ADDED ENTRY--TOPICAL TERM | |
| Topical term or geographic name entry element | Hadith. |
| 700 2# - ADDED ENTRY--PERSONAL NAME | |
| Personal name | Muʻaẓẓam Ḥusayn, al-Sayyid, |
| Relator term | ed. |
| 740 0# - ADDED ENTRY--UNCONTROLLED RELATED/ANALYTICAL TITLE | |
| Uncontrolled related/analytical title | Maʻrifat ʻulūm al-Ḥadīth. |
No items available.